000 00739nam a22002297a 4500
003 BJBSDDR
005 20260331062938.0
007 ta
008 260223s1983 sp ||||| |||| 00| 0 spa d
020 _a9788439301707
020 _a8439301707
040 _bspa
_cBJBSDDR
041 _aspa
050 _bM644 1983
100 1 _aMilian i Massana, Antoni
_947181
245 1 3 _aEl Tribunal de Cassació de Catalunya i l'organització del contenciós administratiu a la II República /
_cAntoni Milian i Massana
260 _aBarcelona :
_bEscola d'Administració Pública de Catalunya,
_c1983
300 _a277 páginas ;
_c21 cm
650 4 0 _aColección Celestino del Arenal (CCA)
_915749
942 _2lcc
_n0
_cBK
946 _icmc
999 _c126442
_d126442